Sports Quiz

Random Sports or NCAA Quiz

MEAC Quiz Stats

 Plays Quiz Retired Nov 17, 2021

     
Support Sporcle.
Go Orange.
Score 0/22 Timer 05:00
0 Plays Today
% Correct
Howard
56.5%
Delaware State
54.1%
Eagles
52.7%
Florida A&M
50.9%
Norfolk State
50.2%
Coppin State
49.9%
South Carolina State
49.5%
Morgan State
49.2%
Bears
49%
Bethune-Cookman
47.5%
North Carolina A&T
47.4%
% Correct
Wildcats
46%
Bulldogs
45.3%
Eagles
43.5%
Maryland Eastern Shore
42.8%
Rattlers
41.5%
Bison
41.1%
Hornets
40.2%
Hawks
37.7%
Aggies
37.7%
Spartans
37.4%
North Carolina Central
35.7%

From the Vault

Complete the Map Snippet IV

by t_rev19

No, we're not telling you which map we cut up.
Remove Ads.
Support Sporcle.
Get the best of Sporcle when you Go Orange. This ad-free experience offers more features, more stats, and more fun while also helping to support Sporcle. Thank you for becoming a member.

Show Comments

Extras

Top Quizzes Today


Score Distribution

Your Account Isn't Verified!

In order to create a playlist on Sporcle, you need to verify the email address you used during registration. Go to your Sporcle Settings to finish the process.

Report this User

Report this user for behavior that violates our Community Guidelines.

Details: